Progrès récents et avenir de l'unification monétaire / (Record no. 102906)

MARC details
000 -LEADER
campo de control de longitud fija 00605nam a2200181 i 4500
001 - NÚMERO DE CONTROL
campo de control 102906
003 - IDENTIFICADOR DE NÚMERO DE CONTROL
campo de control ES-MaACL
005 - FECHA Y HORA DE LA ÚLTIMA TRANSACCIÓN
campo de control 20250730063120.0
007 - CAMPO FIJO DE DESCRIPCIÓN FÍSICA--INFORMACIÓN GENERAL
campo de control de longitud fija t|
008 - DATOS DE LONGITUD FIJA--INFORMACIÓN GENERAL
campo de control de longitud fija 051216s1869 fr ||||1| fre d
100 1# - ENTRADA PRINCIPAL--NOMBRE DE PERSONA
Nombre de persona Parieu, Marie-Louis-Pierre Félix Esquirou de,
Fechas asociadas al nombre 1815-1893
9 (RLIN) 154753
245 10 - MENCIÓN DEL TÍTULO
Título Progrès récents et avenir de l'unification monétaire /
Mención de responsabilidad, etc. par E. de Parieu.
260 ## - PUBLICACIÓN, DISTRIBUCIÓN, ETC.
Lugar de publicación, distribución, etc. Paris :
Nombre del editor, distribuidor, etc. Guillaumin,
Fecha de publicación, distribución, etc. 1869.
300 ## - DESCRIPCIÓN FÍSICA
Extensión 23 p. ;
Dimensiones 26 cm.
500 ## - NOTA GENERAL
Nota general Extrait du Journal des Economistes (numeró de Décembre 1869)
852 ## - LOCALIZACIÓN
Ubicación ES-MaACL
Número de control de estantería T-1272-F-2
Holdings
Estatus retirado Estado de pérdida Estado de daño No para préstamo Colección Biblioteca de origen Biblioteca actual Ubicación en estantería Fecha de adquisición Fuente de adquisición Total de préstamos Signatura topográfica completa Código de barras Visto por última vez Precio de reemplazo Tipo de ítem Koha
        Colección de folletos Biblioteca del Ateneo de Madrid Biblioteca del Ateneo de Madrid Depósito folletos 17/01/2008     T-1272-F-2 1107438 23/02/2023 23/02/2023 Folleto